| 000 | 00584nam a2200181 4500 | ||
|---|---|---|---|
| 001 | 23253 | ||
| 005 | 20230410115908.0 | ||
| 008 | 060907n2003 dr spa | ||
| 020 | _a031230689X | ||
| 035 | _9funglode23421 | ||
| 041 | _aEN | ||
| 050 | 1 | 4 | _aHQ 1735.6 C512m 2003 |
| 100 | _aChavis, Melody Ermachild | ||
| 245 | 1 |
_aMeena, heroine of Afghanistan : _bthe martyr who founded RAWA, the Revolutionary Association of the Women of Afghanistan / _cMelody Ermachild Chavis |
|
| 260 |
_aNew York : _bSt. Martin's Press, _c2003 |
||
| 300 | _axii, 208 p. | ||
| 942 |
_2lcc _cbk |
||
| 999 |
_c50041 _d50041 |
||